| 000 | 00566 a2200205 4500 | ||
|---|---|---|---|
| 005 | 20260401120145.0 | ||
| 008 | 260324b |||||||| |||| 00| 0 eng d | ||
| 020 |
_a9789354978531 _cRs. 795.00 |
||
| 040 | _aMAIN | ||
| 082 |
_a647.94 _bT31H(3) |
||
| 100 | _aTewari, Jatashankar R | ||
| 245 | _aHotel front office: Operations and management | ||
| 250 | _a3rd | ||
| 260 |
_bOxford University Press _c2024 _aNew Delhi |
||
| 300 | _axviii, 483 | ||
| 650 | _aHotel Managment | ||
| 650 | _aHotel Front Office | ||
| 650 | _aHospitality Industry | ||
| 942 | _cBK | ||
| 999 |
_c395630 _d395630 |
||